Name The Youtuber/Streamer - Statistics

General Stats
  • This quiz has been taken 12 times
  • The average score is 3 of 20
Answer Stats
Picture Answer % Correct
The Balds
44%
Baldja
33%
Jerma
33%
Vsauce
33%
Bald Cr1tikal
22%
Baldo
22%
Asmondbald
11%
Baldaplier
11%
Bald Crow
11%
BaldewBaldieBaldpie
11%
Bald PDF
11%
BaldQc
11%
Baldseoh
11%
Baldus Tech Tips
11%
BaldWasTaken
11%
CaptainBald
11%
Douglas Balden
11%
Jackbaldiceye
11%
LowTierBaldness
11%
MrBaldBeast
11%
No matching quizzes found
Score Distribution
Percent of People with Each Score
Percentile by Number Answered
Your Score History
You have not taken this quiz